Fair rents order (Record no. 65563)
[ view plain ]
| 000 -LEADER | |
|---|---|
| fixed length control field | 01277cam a2200265 4500 |
| 001 - CONTROL NUMBER | |
| control field | WB3649-22 |
| 008 - FIXED-LENGTH DATA ELEMENTS--GENERAL INFORMATION | |
| fixed length control field | 000000n2000 000 0 eng u |
| 035 ## - SYSTEM CONTROL NUMBER | |
| System control number | (Sirsi) u109898 |
| 245 ## - TITLE STATEMENT | |
| Title | Fair rents order |
| 260 ## - PUBLICATION, DISTRIBUTION, ETC. | |
| Date of publication, distribution, etc. | 2000 |
| 490 ## - SERIES STATEMENT | |
| Series statement | DETR Press Release |
| Volume/sequential designation | (754) 7 December 2000, (2) |
| 520 ## - SUMMARY, ETC. | |
| Summary, etc. | "R v SoS Environment and SoS Wales ex parte Spath Holme Ltd" HL 7 December 2000. Validates the Rent Acts (Maximum Fair Rent) Order 1999 SI 1999:6 setting out a formula for assessing fair rents intended to prevent landlords from seeking to impose over-the-top rent increases to tenants. CA decision quashed. HL appeal allowed. Government comment. DETR to publish guidance shortly. Full copy of judgment available on http://www.publications.parliament.uk/pa/ld/ldjudinf.htm. |
| 590 ## - LOCAL NOTE (RLIN) | |
| Local note | WB |
| 600 ## - SUBJECT ADDED ENTRY--PERSONAL NAME | |
| Personal name | ULTRA VIRES |
| 650 ## - SUBJECT ADDED ENTRY--TOPICAL TERM | |
| Topical term or geographic name entry element | R V SOS ENVIRONMENT AND ANOTHER EX P SPATH HOLME LTD |
| 650 ## - SUBJECT ADDED ENTRY--TOPICAL TERM | |
| Topical term or geographic name entry element | FAIR RENTS |
| 650 ## - SUBJECT ADDED ENTRY--TOPICAL TERM | |
| Topical term or geographic name entry element | RENT ACTS (MAXIMUM FAIR RENT) ORDER 1999 |
| 650 ## - SUBJECT ADDED ENTRY--TOPICAL TERM | |
| Topical term or geographic name entry element | OPEN MARKET RENTS |
| 650 ## - SUBJECT ADDED ENTRY--TOPICAL TERM | |
| Topical term or geographic name entry element | LANDLORD AND TENANT ACT 1985 S31 |
| 650 ## - SUBJECT ADDED ENTRY--TOPICAL TERM | |
| Topical term or geographic name entry element | RENT INCREASES |
| 690 ## - LOCAL SUBJECT ADDED ENTRY--TOPICAL TERM (OCLC, RLIN) | |
| Topical term or geographic name as entry element | LANDLORD AND TENANT-RESIDENTIAL TENANCIES-CASE LAW |
| 856 ## - ELECTRONIC LOCATION AND ACCESS | |
| Uniform Resource Identifier | <a href="https://www.publications.uk/pa/ld/ldjudinf.htm">https://www.publications.uk/pa/ld/ldjudinf.htm</a> |
| 856 ## - ELECTRONIC LOCATION AND ACCESS | |
| Uniform Resource Identifier | <a href="https://www.detr.gov.uk">https://www.detr.gov.uk</a> |
| 942 ## - ADDED ENTRY ELEMENTS (KOHA) | |
| Suppress in OPAC | 0 |
| Withdrawn status | Lost status | Source of classification or shelving scheme | Damaged status | Not for loan | Home library | Current library | Shelving location | Date acquired | Total Checkouts | Full call number | Barcode | Date last seen | Copy number | Price effective from | Koha item type |
|---|---|---|---|---|---|---|---|---|---|---|---|---|---|---|---|
| Dewey Decimal Classification | London | London | News article | 12/12/2000 | WB3649-22 | 109898-1001 | 06/08/2019 | 1 | 06/08/2019 | News article |